| 000 | 00802nam a2200277 a 4500 | ||
|---|---|---|---|
| 001 | 000003578 | ||
| 003 | DO-SdBNP | ||
| 005 | 20171103105907.0 | ||
| 007 | 000003578 | ||
| 008 | 150202s2007 000 spa d | ||
| 020 | _a9993455415 | ||
| 040 |
_aBPMSU _bspa _cBPMSU |
||
| 245 | 0 |
_aAprende y colorea la patria / _cCompilador Tomás Castro Burdiez |
|
| 250 | _a3a ed. | ||
| 260 |
_aSanto Domingo : _c2007 _bEducarte, |
||
| 300 |
_a32 p. : _bil. : _c29 cm. |
||
| 490 |
_aInfantil Educarte _vno.5 |
||
| 700 |
_aCastro Burdiez, Tomás _ecomp. |
||
| 830 |
_pInfantil Educarte _vno.5 |
||
| 930 | 1 |
_l _m _8 _f _p _g |
|
| 930 | 1 |
_l _m _8 _f _p _g |
|
| 942 |
_2ddc _cBK |
||
| 945 | _aInventariado infantil dom / 2017 | ||
| 956 |
_a _b _c _l _h |
||
| 956 |
_aVMATEO _b10 _c20150202 _lBPMSU _h0069 |
||
| 999 |
_c7452 _d7452 |
||